Diskriminácia zamestnanca na pracovisku

Legálne zakotvenie diskriminácie v pracovnom prostredí a analýza foriem diskriminácie na pracovisku. Rozdiely v pojmoch diskriminácia a šikanovanie.

Salvato in:
Dettagli Bibliografici
Autore principale: Tekeli, Jozef
Natura: Capitolo di libro
Lingua:slovacco
Soggetti:
Tags: Aggiungi Tag
Nessun Tag, puoi essere il primo ad aggiungerne!!

MARC

LEADER 00000naa a2200000 4500
001 0249361
005 20181205073623.6
041 0 |a slo 
044 |a SK 
245 1 0 |a Diskriminácia zamestnanca na pracovisku  |c Jozef Tekeli 
520 |a Legálne zakotvenie diskriminácie v pracovnom prostredí a analýza foriem diskriminácie na pracovisku. Rozdiely v pojmoch diskriminácia a šikanovanie. 
610 2 0 |a diskriminácia pracovná 
610 2 0 |a šikanovanie 
610 2 0 |a mobbing 
610 2 0 |a zamestnanci 
610 2 0 |a zákony 
100 1 |a Tekeli, Jozef